00943nab a2200277 uc450000100070000000500170000700800410002403500110006503500210007604000130009704100080011010000370011824501010015565000110025665000200026765000220028765000180030965000310032765000230035870000390038170000390042070000370045970000380049670000320053477300990056685862320240508085520.0031217e20030505 por  a858623 a(OCoLC)820086865 ccomduadb apor10aMiranda, Glauco Vieira4auteaut10aQualidade fisiologica de sementes de populacoes de mulho crioulo da zona da Mata de Minas Gerais aBrasil aPlasma germinal aMaíz : Zea mays aGerminación 7aFisiología vegetal2lemb aCultivo del maíz10aCaniato, Fernanda Fatima4auteaut10aFidelis, Rodrigo Ribeiro4auteaut10aAraujo, Eduardo Fontes4auteaut10aSouza, Lenadro Vagno de4auteaut10aDona, Anderson A.4auteaut0 tRevista Ceres (Brasil)gVol. 50, No. 289, May.-Jun. 2003, p. 337-345w556087z0034737X0129994